<?xml version="1.0" encoding="UTF-8"?>
<collection xmlns="http://www.loc.gov/MARC21/slim">
 <record>
  <leader>02988nam a2200385 a 4500</leader>
  <controlfield tag="001">1/47682</controlfield>
  <controlfield tag="008">180313s2017    gr       b    00110 gre  </controlfield>
  <datafield tag="020" ind1=" " ind2=" ">
   <subfield code="a">9789606222573</subfield>
  </datafield>
  <datafield tag="035" ind1=" " ind2=" ">
   <subfield code="l">50671</subfield>
  </datafield>
  <datafield tag="040" ind1=" " ind2=" ">
   <subfield code="a">GR-PeUP</subfield>
  </datafield>
  <datafield tag="082" ind1="0" ind2="0">
   <subfield code="a">346.086 ΣΙΝ</subfield>
  </datafield>
  <datafield tag="100" ind1="1" ind2=" ">
   <subfield code="a">Σινανιώτη-Μαρούδη, Αριστέα.</subfield>
  </datafield>
  <datafield tag="245" ind1="1" ind2="0">
   <subfield code="a">Ασφαλιστικό δίκαιο /</subfield>
   <subfield code="c">Αριστέα Σινανιώτη-Μαρούδη.</subfield>
  </datafield>
  <datafield tag="250" ind1=" " ind2=" ">
   <subfield code="a">2η έκδοση.</subfield>
  </datafield>
  <datafield tag="260" ind1="0" ind2=" ">
   <subfield code="a">Αθήνα :</subfield>
   <subfield code="b">Νομική βιβλιοθήκη,</subfield>
   <subfield code="c">2017.</subfield>
  </datafield>
  <datafield tag="300" ind1=" " ind2=" ">
   <subfield code="a">341 σ. ;</subfield>
   <subfield code="c">24 εκ.</subfield>
  </datafield>
  <datafield tag="500" ind1=" " ind2=" ">
   <subfield code="a">Περιεχόμενα απο το εξώφυλλο: Ασφαλιστική σύμβαση, γενικό μέρος, είδη ασφάλισης ζημιών και προσώπων, θαλάσσια και αεροπορική ασφάλιση, ασφάλιση αστικής ευθύνης εξ αυτοκινήτων, ασφαλιστική επιχείρηση - Ν 4364/2016, εποπτεία-διαχείριση-εκκαθάριση, ασφαλιστική διαμεσολάβηση, Solvency II - Insurance distribution directive, γενικός κανονισμός για την προστασία δεδομένων GDPR 2016/679.</subfield>
  </datafield>
  <datafield tag="504" ind1=" " ind2=" ">
   <subfield code="a">Περιέχει βιβλιογραφία και ευρετήριο.</subfield>
  </datafield>
  <datafield tag="650" ind1=" " ind2="4">
   <subfield code="a">Ασφάλιση</subfield>
   <subfield code="x">Δίκαιο και νομοθεσία.</subfield>
  </datafield>
  <datafield tag="650" ind1=" " ind2="4">
   <subfield code="a">Insurance law.</subfield>
  </datafield>
  <datafield tag="852" ind1=" " ind2=" ">
   <subfield code="a">INST</subfield>
   <subfield code="b">UNIPILB</subfield>
   <subfield code="c">EUDOXOS</subfield>
   <subfield code="e">20180313</subfield>
   <subfield code="h">346.086 ΣΙΝ</subfield>
   <subfield code="p">00179206</subfield>
   <subfield code="q">00179206</subfield>
   <subfield code="t">EUDOX</subfield>
   <subfield code="y">0</subfield>
   <subfield code="4">6</subfield>
  </datafield>
  <datafield tag="852" ind1=" " ind2=" ">
   <subfield code="a">INST</subfield>
   <subfield code="b">UNIPILB</subfield>
   <subfield code="c">EUDOXOS</subfield>
   <subfield code="e">20180313</subfield>
   <subfield code="h">346.086 ΣΙΝ</subfield>
   <subfield code="p">00179207</subfield>
   <subfield code="q">00179207</subfield>
   <subfield code="t">EUDOX</subfield>
   <subfield code="y">4</subfield>
   <subfield code="x">20230405</subfield>
   <subfield code="4">7</subfield>
  </datafield>
  <datafield tag="852" ind1=" " ind2=" ">
   <subfield code="a">INST</subfield>
   <subfield code="b">UNIPILB</subfield>
   <subfield code="c">EUDOXOS</subfield>
   <subfield code="e">20180313</subfield>
   <subfield code="h">346.086 ΣΙΝ</subfield>
   <subfield code="p">00179208</subfield>
   <subfield code="q">00179208</subfield>
   <subfield code="t">EUDOX</subfield>
   <subfield code="y">4</subfield>
   <subfield code="x">20230412</subfield>
   <subfield code="4">8</subfield>
  </datafield>
  <datafield tag="852" ind1=" " ind2=" ">
   <subfield code="a">INST</subfield>
   <subfield code="b">UNIPILB</subfield>
   <subfield code="c">EUDOXOS</subfield>
   <subfield code="e">20180313</subfield>
   <subfield code="h">346.086 ΣΙΝ</subfield>
   <subfield code="p">00179209</subfield>
   <subfield code="q">00179209</subfield>
   <subfield code="t">EUDOX</subfield>
   <subfield code="y">0</subfield>
   <subfield code="4">9</subfield>
  </datafield>
  <datafield tag="852" ind1=" " ind2=" ">
   <subfield code="a">INST</subfield>
   <subfield code="b">UNIPILB</subfield>
   <subfield code="c">EUDOXOS</subfield>
   <subfield code="e">20180313</subfield>
   <subfield code="h">346.086 ΣΙΝ</subfield>
   <subfield code="p">00179210</subfield>
   <subfield code="q">00179210</subfield>
   <subfield code="t">EUDOX</subfield>
   <subfield code="y">0</subfield>
   <subfield code="4">10</subfield>
  </datafield>
  <datafield tag="852" ind1=" " ind2=" ">
   <subfield code="a">INST</subfield>
   <subfield code="b">UNIPILB</subfield>
   <subfield code="c">MAIN</subfield>
   <subfield code="e">20180313</subfield>
   <subfield code="h">346.086 ΣΙΝ</subfield>
   <subfield code="p">00179211</subfield>
   <subfield code="q">00179211</subfield>
   <subfield code="t">DESDIA</subfield>
   <subfield code="y">4</subfield>
   <subfield code="x">20230410</subfield>
   <subfield code="4">1</subfield>
  </datafield>
  <datafield tag="852" ind1=" " ind2=" ">
   <subfield code="a">INST</subfield>
   <subfield code="b">UNIPILB</subfield>
   <subfield code="c">MAIN</subfield>
   <subfield code="e">20180313</subfield>
   <subfield code="h">346.086 ΣΙΝ</subfield>
   <subfield code="p">00179212</subfield>
   <subfield code="q">00179212</subfield>
   <subfield code="t">DESDIA</subfield>
   <subfield code="y">0</subfield>
   <subfield code="4">2</subfield>
  </datafield>
  <datafield tag="852" ind1=" " ind2=" ">
   <subfield code="a">INST</subfield>
   <subfield code="b">UNIPILB</subfield>
   <subfield code="c">MAIN</subfield>
   <subfield code="e">20180313</subfield>
   <subfield code="h">346.086 ΣΙΝ</subfield>
   <subfield code="p">00179213</subfield>
   <subfield code="q">00179213</subfield>
   <subfield code="t">DESDIA</subfield>
   <subfield code="y">4</subfield>
   <subfield code="x">20190604</subfield>
   <subfield code="4">3</subfield>
  </datafield>
  <datafield tag="852" ind1=" " ind2=" ">
   <subfield code="a">INST</subfield>
   <subfield code="b">UNIPILB</subfield>
   <subfield code="c">MAIN</subfield>
   <subfield code="e">20180313</subfield>
   <subfield code="h">346.086 ΣΙΝ</subfield>
   <subfield code="p">00179214</subfield>
   <subfield code="q">00179214</subfield>
   <subfield code="t">DESDIA</subfield>
   <subfield code="y">4</subfield>
   <subfield code="x">20230403</subfield>
   <subfield code="4">4</subfield>
  </datafield>
  <datafield tag="852" ind1=" " ind2=" ">
   <subfield code="a">INST</subfield>
   <subfield code="b">UNIPILB</subfield>
   <subfield code="c">MAIN</subfield>
   <subfield code="e">20180315</subfield>
   <subfield code="h">346.086 ΣΙΝ</subfield>
   <subfield code="p">00179215</subfield>
   <subfield code="q">00179215</subfield>
   <subfield code="t">DESDIA</subfield>
   <subfield code="y">4</subfield>
   <subfield code="x">20220523</subfield>
   <subfield code="4">15</subfield>
  </datafield>
  <datafield tag="852" ind1=" " ind2=" ">
   <subfield code="a">INST</subfield>
   <subfield code="b">UNIPILB</subfield>
   <subfield code="c">MAIN</subfield>
   <subfield code="e">20180313</subfield>
   <subfield code="h">346.086 ΣΙΝ</subfield>
   <subfield code="p">00179216</subfield>
   <subfield code="q">00179216</subfield>
   <subfield code="t">DESDIA</subfield>
   <subfield code="y">4</subfield>
   <subfield code="x">20190605</subfield>
   <subfield code="4">5</subfield>
  </datafield>
  <datafield tag="852" ind1=" " ind2=" ">
   <subfield code="a">INST</subfield>
   <subfield code="b">UNIPILB</subfield>
   <subfield code="c">MAIN</subfield>
   <subfield code="e">20180313</subfield>
   <subfield code="h">346.086 ΣΙΝ</subfield>
   <subfield code="p">00179217</subfield>
   <subfield code="q">00179217</subfield>
   <subfield code="t">DESDIA</subfield>
   <subfield code="y">0</subfield>
   <subfield code="4">11</subfield>
  </datafield>
  <datafield tag="852" ind1=" " ind2=" ">
   <subfield code="a">INST</subfield>
   <subfield code="b">UNIPILB</subfield>
   <subfield code="c">MAIN</subfield>
   <subfield code="e">20180313</subfield>
   <subfield code="h">346.086 ΣΙΝ</subfield>
   <subfield code="p">00179218</subfield>
   <subfield code="q">00179218</subfield>
   <subfield code="t">DESDIA</subfield>
   <subfield code="y">0</subfield>
   <subfield code="4">12</subfield>
  </datafield>
  <datafield tag="852" ind1=" " ind2=" ">
   <subfield code="a">INST</subfield>
   <subfield code="b">UNIPILB</subfield>
   <subfield code="c">MAIN</subfield>
   <subfield code="e">20180313</subfield>
   <subfield code="h">346.086 ΣΙΝ</subfield>
   <subfield code="p">00179219</subfield>
   <subfield code="q">00179219</subfield>
   <subfield code="t">DESDIA</subfield>
   <subfield code="y">0</subfield>
   <subfield code="4">13</subfield>
  </datafield>
  <datafield tag="852" ind1=" " ind2=" ">
   <subfield code="a">INST</subfield>
   <subfield code="b">UNIPILB</subfield>
   <subfield code="c">MAIN</subfield>
   <subfield code="e">20180313</subfield>
   <subfield code="h">346.086 ΣΙΝ</subfield>
   <subfield code="p">00179220</subfield>
   <subfield code="q">00179220</subfield>
   <subfield code="t">DESDIA</subfield>
   <subfield code="y">0</subfield>
   <subfield code="4">14</subfield>
  </datafield>
 </record>
</collection>
